Логистика производственных систем; Прогрессивные технологии и экономика в машиностроении; Т. 1

Dades bibliogràfiques
Parent link:Прогрессивные технологии и экономика в машиностроении: труды III Всероссийской научно-практической конференции, 19-21 мая 2005 года, Юрга/ Томский политехнический университет ; под ред. О. Ю. Ретюнского.— , 2005
Т. 1.— 2005.— С. 20-21
Autor principal: Петкау Э. П. Эдвальд Петрович
Idioma:rus
Publicat: 2005
Matèries:
Format: MixedMaterials Capítol de llibre
KOHA link:https://koha.lib.tpu.ru/cgi-bin/koha/opac-detail.pl?biblionumber=129743

MARC

LEADER 00000naa2a2200000 4500
001 129743
005 20251203144327.0
035 |a (RuTPU)RU\TPU\book\140440 
090 |a 129743 
100 |a 20080128d2005 k y0rusy50 ca 
101 0 |a rus 
102 |a RU 
200 1 |a Логистика производственных систем  |f Э. П. Петкау 
320 |a Библиогр.: 3 назв. 
461 1 |0 (RuTPU)RU\TPU\book\118979  |t Прогрессивные технологии и экономика в машиностроении  |o труды III Всероссийской научно-практической конференции, 19-21 мая 2005 года, Юрга  |o в 2 т.  |f Томский политехнический университет ; под ред. О. Ю. Ретюнского  |d 2005 
463 0 |0 (RuTPU)RU\TPU\book\118372  |t Т. 1  |v С. 20-21  |d 2005 
610 1 |a производство 
610 1 |a производственные системы 
610 1 |a абразивные материалы 
610 1 |a разрушение 
610 1 |a максимальное напряжение 
610 1 |a труды учёных ТПУ 
610 1 |a логистика 
700 1 |a Петкау  |b Э. П.  |c специалист в области машиностроения  |c доцент Юргинского технологического института (филиал) Томского политехнического университета  |f 1936-  |g Эдвальд Петрович  |3 (RuTPU)RU\TPU\pers\24248 
801 1 |a RU  |b 63413507  |c 20080128  |g PSBO 
801 2 |a RU  |b 63413507  |c 20130711  |g PSBO 
942 |c BK